[Event "GER-chT U20"]
[Site "Cologne"]
[Date "2004.12.27"]
[Round "2.5"]
[White "Brandt, Madeleine"]
[Black "Sabelfeld, Nastja"]
[Result "0-1"]
[WhiteElo "1639"]
[BlackElo "1477"]
[PlyCount "99"]
[EventDate "2004.12.27"]
[EventType "team"]
[EventRounds "7"]
[EventCountry "GER"]
[SourceTitle "CBM 104 Extra"]
[Source "ChessBase"]
[SourceDate "2005.03.01"]
[SourceVersion "1"]
[SourceVersionDate "2005.03.01"]
[SourceQuality "1"]
[WhiteTeam "Biebertal (U20)"]
[BlackTeam "Erfurt Empor (U20)"]
[WhiteTeamCountry "GER"]
[BlackTeamCountry "GER"]

1. e4 Nf6 2. e5 Nd5 3. c4 Nb6 4. d4 d6 5. exd6 cxd6 6. Nc3 g6 7. Be3 Bg7 8. Rc1 0-0 9. Nf3 Nc6 10. d5 Ne5 11. Nxe5 dxe5 12. c5 Nd7 13. b4 f5 14. f3 Nb8 15. Bc4 e6 16. dxe6 Qh4+ 17. Bf2 Qxc4 18. Nd5 Qxa2 19. e7 Re8 20. Nc7 Bd7 21. Nxa8 Rxe7 22. Nc7 Nc6 23. Nd5 Re8 24. 0-0 Be6 25. Nc3 Qc4 26. b5 Nd4 27. Bxd4 Qxd4+ 28. Qxd4 exd4 29. Nd1 Bb3 30. Nb2 Bh6 31. f4 Bd5 32. c6 bxc6 33. bxc6 Rc8 34. c7 Be4 35. g3 Bf8 36. Rc4 Bg7 37. Rd1 Kf7 38. Nd3 Ke6 39. Nb4 Kd6 40. Rdc1 d3 41. Kf2 a5 42. Na6 Bd5 43. Ra4 Bb3 44. Ra3 d2 45. Rh1 Bc4 46. Rxa5 Bd4+ 47. Kf3 Bd5+ 48. Rxd5+ Kxd5 49. Rd1 Bc3 50. Ke3 0-1

[Event "GER-chT U20"]
[Site "Ditzingen"]
[Date "2003.12.30"]
[Round "7.6"]
[White "Sabelfeld, Nastja"]
[Black "Willems, Sebastian"]
[Result "0-1"]
[WhiteElo "1565"]
[BlackElo "1500"]
[PlyCount "101"]
[EventDate "2003.12.27"]
[EventType "team-swiss"]
[EventRounds "7"]
[EventCountry "GER"]
[SourceTitle "EXT 2022"]
[Source "ChessBase"]
[SourceDate "2021.10.06"]
[SourceVersion "1"]
[SourceVersionDate "2021.10.06"]
[SourceQuality "1"]
[WhiteTeam "Erfurt Empor U20"]
[BlackTeam "Wolfbusch U20"]
[WhiteTeamCountry "GER"]
[BlackTeamCountry "GER"]

1. e4 d5 2. exd5 Nf6 3. Nf3 Nxd5 4. d4 Bg4 5. Be2 g6 6. 0-0 Bg7 7. c3 c6 8. h3 Bf5 9. Bg5 h6 10. Bh4 0-0 11. Nbd2 Nd7 12. Re1 Re8 13. a4 g5 14. Bg3 N7f6 15. Nc4 Nh5 16. Bh2 Nhf4 17. Qb3 Qc8 18. h4 Bf6 19. hxg5 hxg5 20. Bxf4 Nxf4 21. Nfe5 Kg7 22. g3 Nh3+ 23. Kg2 Be6 24. Qd1 Rh8 25. Rh1 Bxe5 26. Nxe5 f6 27. Ng4 Bd5+ 28. f3 Qxg4 29. Qd2 Qf5 30. Qe3 Kf7 31. Bd3 Qe6 32. Qxe6+ Bxe6 33. Rae1 g4 34. f4 Bd5+ 35. Be4 f5 36. Bxd5+ cxd5 37. Re5 e6 38. Rc1 Rac8 39. a5 Rc6 40. b3 Rhc8 41. Re3 b5 42. b4 Rc4 43. Kf1 R8c6 44. Ke1 Rxb4 45. cxb4 Rxc1+ 46. Kd2 Rc4 47. Rc3 Rxd4+ 48. Kc2 Rc4 49. Kd3 Nf2+ 50. Kc2 Rxc3+ 51. Kxc3 0-1

[Event "DLM U20 Girls"]
[Site "Werfen"]
[Date "2002.08.01"]
[Round "6.4"]
[White "Sabelfeld, Nastja"]
[Black "Schulze, Dorothee"]
[Result "0-1"]
[WhiteElo "1495"]
[BlackElo "1469"]
[PlyCount "134"]
[EventDate "2002.07.28"]
[EventType "team-swiss"]
[EventRounds "7"]
[EventCountry "GER"]
[SourceTitle "CBM 089 Extra"]
[Source "ChessBase"]
[SourceDate "2002.09.10"]
[SourceVersion "2"]
[SourceVersionDate "2002.09.10"]
[SourceQuality "1"]

1. e4 e5 2. Nf3 Nc6 3. Bc4 Bc5 4. c3 d6 5. 0-0 Bg4 6. h3 Bh5 7. d3 h6 8. Be3 Bb6 9. Nbd2 Nf6 10. b4 0-0 11. Qc2 Re8 12. Rfe1 Qd7 13. a4 Bxe3 14. fxe3 Ne7 15. d4 Bxf3 16. Nxf3 Ng6 17. Bd3 c6 18. c4 Rac8 19. Qb1 a6 20. c5 Qc7 21. b5 axb5 22. axb5 cxb5 23. cxd6 Qxd6 24. Bxb5 Re7 25. Qd3 Kf8 26. Rec1 Rxc1+ 27. Rxc1 Kg8 28. Nd2 Rc7 29. Rxc7 Qxc7 30. Qc4 Qxc4 31. Bxc4 Kf8 32. Kf2 Ke7 33. Ke2 Nd7 34. Nb3 b6 35. Bb5 f6 36. Nd2 Ngf8 37. Nc4 Ke6 38. d5+ Ke7 39. g4 Kf7 40. Nd6+ Kg6 41. Nf5 Nc5 42. Kf3 Nfd7 43. h4 h5 44. gxh5+ Kxh5 45. Nxg7+ Kxh4 46. Ne6 Kh3 47. Nxc5 Nxc5 48. d6 Kh4 49. d7 Ne6 50. Bc4 Nd8 51. Bd5 Kg5 52. Kg3 f5 53. exf5 Kxf5 54. e4+ Kf6 55. Bc4 Ke7 56. Bb5 Ne6 57. Kg4 Nd4 58. Bd3 Kxd7 59. Kg3 b5 60. Kf2 Kd6 61. Ke3 Kc5 62. Bf1 Kb4 63. Kd3 Kb3 64. Kd2 b4 65. Kd3 Ne6 66. Ke3 Kc3 67. Bh3 Nc5 0-1

[Event "DLM U20 Girls"]
[Site "Werfen"]
[Date "2002.07.31"]
[Round "5.4"]
[White "Jussupow, Ekaterina"]
[Black "Sabelfeld, Nastja"]
[Result "0-1"]
[WhiteElo "1595"]
[BlackElo "1495"]
[PlyCount "50"]
[EventDate "2002.07.28"]
[EventType "team-swiss"]
[EventRounds "7"]
[EventCountry "GER"]
[SourceTitle "CBM 089 Extra"]
[Source "ChessBase"]
[SourceDate "2002.09.10"]
[SourceVersion "2"]
[SourceVersionDate "2002.09.10"]
[SourceQuality "1"]

1. d4 d5 2. Nf3 Bf5 3. e3 c6 4. Nc3 Nf6 5. Bd3 Ne4 6. Bxe4 dxe4 7. Ne5 h5 8. b3 Nd7 9. f4 Nxe5 10. fxe5 e6 11. Bb2 Bb4 12. a3 Bxc3+ 13. Bxc3 Bg4 14. Qd2 Qh4+ 15. Qf2 Qxf2+ 16. Kxf2 Kd7 17. Bb4 g5 18. h4 gxh4 19. Rxh4 Rh6 20. Rf1 f5 21. Kg3 Rg6 22. Kf4 Rag8 23. g3 Be2 24. Rg1 Rg4+ 25. Rxg4 Rxg4# 0-1